banner-ar

المراجعة : (Record no. 56945)

MARC details
000 -الفاتح
حقل البيانات ثابتة الطول 01052nam a2200253Ia 4500
005 - وقت وتاريخ اخر تعامل مع التسجيلة
رقم الضبط 20240530105624.0
008 - عناصر البيانات ثابتة الطول - معلومات عامة
حقل البيانات ثابتة الطول 140319s2002 xx 000 0 ara d
020 ## - الرقم الدولى المعيارى للكتب
الرقم الدولى المعيارى للكتاب 3506249960
040 ## - مصدر الفهرسة
وكالة الفهرسة الأصلية GCL /
وكالة النسخ GCL
082 04 - رقم تصنيف ديوى العشرى
رقم التصنيف 657.45 /
رقم المادة ا م
100 1# - المدخل الرئيسى - إسم شخصى
الإسم الشخصى الفين ارينز
245 10 - بيان العنوان
العنوان المراجعة :
بقية العنوان مدخل متكامل /
بيان المسئوليه,etc تاليف ارينز ؛ الفين ، لوبك ، جيمس ؛ مترجم محمد محمد عبدالقادر الديسطى ؛ مراجع احمد حامد حجاج
250 ## - بيان الطبعة
بيان الطبعة الاولى
260 ## - PUBLICATION, DISTRIBUTION, ETC. (IMPRINT)
تاريخ النشر أو التوزيع 2002
300 ## - الوصف المادى
التعداد 1064 ص ؛
أبعاد الوعاء 30 سم
650 04 - المدخل الاضافى بالموضوع-مصطلح موضوعى
مصطلح موضوعي مراجعة الحسابات
650 04 - المدخل الاضافى بالموضوع-مصطلح موضوعى
مصطلح موضوعي المحاسبة
650 04 - المدخل الاضافى بالموضوع-مصطلح موضوعى
مصطلح موضوعي مراجعة الحسابات - قوانين و تشريعات
700 1# - المدخل الاضافى - اسم شخصى
الإسم الشخصى لوبك ، جيمس
الدور مؤلف مشارك
700 1# - المدخل الاضافى - اسم شخصى
الإسم الشخصى محمد محمد عبدالقادر الديسطى
الدور مترجم
700 1# - المدخل الاضافى - اسم شخصى
الإسم الشخصى احمد حامد حجاج
الدور مراجع
942 ## - عناصر المدخل الإضافي( كوها)
مصدر التصنيف او مخطط الترفيف Dewey Decimal Classification
Koha [default] item type كتاب
260 ## - PUBLICATION, DISTRIBUTION, ETC. (IMPRINT)
-- الرياض :
-- دار المريخ،
Holdings
حالة التراجع حالة الفقد حالة تلف ليس للاعارة المكان المؤقت الموقع الحالى تاريخ الاكتساب اجمالي اﻻعارات رقم الطلب الباركود تاريخ اخر مشاهدة تاريخ تفعيل السعر نوع وعاء كوها
        مكتبة القاهرة الكبرى مكتبة القاهرة الكبرى 03/26/2014   657.45\ا م 140831 03/26/2014 03/26/2014 كتاب
        مكتبة القاهرة الكبرى مكتبة القاهرة الكبرى 03/26/2014   657.45\ا م 140832 03/26/2014 03/26/2014 كتاب

Powered By

EGPV